[Event "Wch Rapid"]
[Site "St Petersburg"]
[Date "2018.12.28"]
[Round "13"]
[White "Bocharov, Dmitry"]
[Black "Popov, Ivan1"]
[Result "1-0"]
[WhiteElo "2533"]
[BlackElo "2592"]
[PlyCount "123"]
[EventDate "2018.12.26"]
[EventType "swiss (rapid)"]
[EventRounds "15"]
[EventCountry "RUS"]
[SourceTitle "CBM 187 Extra"]
[Source "ChessBase"]
[SourceDate "2018.11.04"]
[SourceVersion "1"]
[SourceVersionDate "2018.11.04"]
[SourceQuality "1"]

1. Nf3 d5 2. e3 Nf6 3. c4 dxc4 ({RR} 3... g6 4. cxd5 Nxd5 5. d4 Bg7 6. Be2 O-O 7. O-O Nb6 8. e4 Nc6 9. d5 Ne5 10. Nxe5 Bxe5 11. Nc3 e6 12. Qb3 exd5 13. exd5 a5 14. Rd1 a4 15. Qb4 a3 16. bxa3 Qd6 17. Qxd6 cxd6 18. Rb1 {Malakhov,V (2642)-Fedoseev,V (2687) chess.com INT 2024 1-0 (48)}) 4. Bxc4 c5 5. O-O e6 $146 ({RR} 5... Nc6 6. Nc3 a6 7. b3 b5 8. Be2 e5 9. Bb2 Bd6 10. a4 b4 11. Na2 e4 12. Ng5 Bf5 13. f3 h5 14. fxe4 Bxh2+ 15. Kxh2 Ng4+ 16. Kg1 Qxg5 17. Rxf5 Qh4 18. Bc4 Qh2+ 19. Kf1 Qh1+ 20. Ke2 {Dyachuk,A (2298)-Pajeken,J (2441) chess.com INT 2023 1-0 (36)}) ({RR} 5... Nc6 6. b3 Bf5 7. Bb2 e6 8. d4 Be7 9. Qe2 O-O 10. Rd1 Qc7 11. dxc5 Bxc5 12. Bxf6 gxf6 13. Nh4 Bg6 14. Nxg6 hxg6 15. Nd2 f5 16. a3 a5 17. Bb5 Ne5 18. Nc4 Ng4 19. g3 Rfd8 20. Rxd8+ {Klukin,K (2430)-Xiong,J (2636) chess.com INT 2025 0-1 (37)}) ({RR} 5... Nc6 6. b3 g6 7. Bb2 Bg7 8. d4 cxd4 9. Nxd4 Nxd4 10. Bxd4 O-O 11. Nc3 a6 12. Qf3 Qe8 13. Rac1 Nd7 14. Bxg7 Kxg7 15. Nd5 Ne5 16. Qf4 Nxc4 17. Nc7 Qd8 18. Qxc4 Rb8 19. Rfd1 Bd7 20. Qd4+ {Materia,M (2455)-Pajeken,J (2416) chess.com INT 2024 1-0}) 6. Qe2 Nc6 7. Rd1 a6 8. a3 b5 9. Ba2 Be7 10. d4 cxd4 11. exd4 O-O 12. Nc3 b4 13. d5 bxc3 14. dxc6 Qc7 15. Qc4 Nd5 16. bxc3 a5 17. Bd2 Ba6 18. Qa4 Be2 19. Rdb1 Bxf3 20. gxf3 Bf6 21. Bxd5 exd5 22. Rb7 Qd6 23. Rd7 Qc5 24. Be3 Qxc3 25. Rc1 Qd3 26. Qd1 Qg6+ 27. Kh1 Bb2 28. Rc2 Bxa3 29. c7 Rac8 30. Rxd5 Be7 31. Rxa5 h6 32. Rd5 Qf6 33. Rd7 Rfe8 34. Qd5 Qa6 35. Qc4 Qf6 36. Qc6 Qf5 37. Kg2 Bf6 38. Rc4 h5 39. Qd5 Qg6+ 40. Kh3 Re5 41. Qd3 Rf5 42. Qe4 Kh7 43. Rc5 Rxc5 44. Bxc5 Qxe4 45. fxe4 Be5 46. Bb6 Kg6 47. Rd8 Rxc7 48. Bxc7 Bxc7 49. Rd5 f6 50. Rf5 Kh6 51. f4 Bb6 52. Kg3 Bd4 53. Rd5 Ba7 54. Kf3 Kg6 55. Rd6 Bc5 56. Rc6 Be7 57. h3 Bb4 58. Rc8 Bd2 59. Rh8 Be1 60. f5+ Kf7 61. Rxh5 Kg8 62. Kg2 1-0

[Event "Wch Rapid"]
[Site "St Petersburg"]
[Date "2018.12.28"]
[Round "13"]
[White "Nakamura, Hikaru"]
[Black "Sargissian, Gabriel"]
[Result "1-0"]
[WhiteElo "2746"]
[BlackElo "2689"]
[PlyCount "63"]
[EventDate "2018.12.26"]
[EventType "swiss (rapid)"]
[EventRounds "15"]
[EventCountry "RUS"]
[SourceTitle "CBM 187 Extra"]
[Source "ChessBase"]
[SourceDate "2018.11.04"]
[SourceVersion "1"]
[SourceVersionDate "2018.11.04"]
[SourceQuality "1"]

1. Nf3 d5 2. b3 Nf6 3. Bb2 Bg4 4. e3 e6 5. d3 Be7 ({RR} 5... a5 6. a3 Nbd7 7. Nbd2 Bd6 8. h3 Bxf3 9. Nxf3 O-O 10. Be2 c6 11. O-O Qe7 12. c4 Rfd8 13. Qc2 Nf8 14. e4 dxe4 15. dxe4 e5 16. c5 Bxc5 17. Nxe5 Bd4 18. Bxd4 Rxd4 19. Nf3 Rxe4 20. Bd3 {Topalov,V (2793)-Aronian,L (2813) Stavanger 2013 0-1 (33)}) ({RR} 5... a5 6. a3 a4 7. b4 c5 8. bxc5 Bxc5 9. Nbd2 Nc6 10. d4 Be7 11. c4 O-O 12. cxd5 exd5 13. Bd3 Qa5 14. O-O b5 15. Qb1 b4 16. Ne5 Nxe5 17. dxe5 bxa3 18. exf6 axb2 19. fxe7 Rfb8 20. e8=Q+ {Nakamura,H (2736)-Le,Q (2709) Chess.com INT 2022 1-0 (37)}) 6. h3 Bxf3 7. Qxf3 O-O 8. g3 $146 ({RR} 8. Nd2 c5 9. g3 Nc6 10. Bg2 Nd7 11. O-O Bf6 12. Bxf6 Nxf6 13. Qe2 Qc7 14. c4 Rad8 15. cxd5 exd5 16. Rfc1 Qd6 17. Nf3 Rfe8 18. Qd2 b6 19. d4 Ne4 20. Qb2 Qf6 21. Rab1 cxd4 22. Nxd4 Nxd4 {Nyback,T (2430)-Schandorff,L (2551) Reykjavik 2001 ½-½ (34)}) 8... a5 9. a4 Bb4+ 10. c3 Bd6 11. Bg2 Nbd7 12. O-O Qe7 13. Qe2 c6 14. Nd2 Rfe8 15. e4 dxe4 16. dxe4 Ne5 17. f4 Bc5+ 18. Kh2 Ned7 19. e5 Nd5 20. Rf3 Qf8 21. Ne4 Be7 22. c4 Nb4 23. f5 exf5 24. Rxf5 g6 25. e6 gxf5 26. exd7 Red8 27. Qh5 f6 28. Qxf5 Qf7 29. Bxf6 Bxf6 30. Nxf6+ Kg7 31. Rf1 Qe7 32. Qxh7+ 1-0

[Event "Wch Rapid"]
[Site "St Petersburg"]
[Date "2018.12.28"]
[Round "15"]
[White "Bocharov, Dmitry"]
[Black "Petrov, Nikita"]
[Result "1-0"]
[WhiteElo "2533"]
[BlackElo "2593"]
[PlyCount "67"]
[EventDate "2018.12.26"]
[EventType "swiss (rapid)"]
[EventRounds "15"]
[EventCountry "RUS"]
[SourceTitle "CBM 187 Extra"]
[Source "ChessBase"]
[SourceDate "2018.11.04"]
[SourceVersion "1"]
[SourceVersionDate "2018.11.04"]
[SourceQuality "1"]

1. Nf3 d5 2. g3 g6 3. Bg2 Bg7 4. c4 dxc4 5. Qa4+ Nc6 6. Qxc4 e5 7. O-O Nge7 8. d3 Be6 ({RR} 8... O-O 9. Nc3 h6 10. Qh4 g5 11. Bxg5 hxg5 12. Nxg5 Bf5 13. Be4 Qd7 14. g4 f6 15. Bxf5 Qxf5 16. gxf5 fxg5 17. Qc4+ Kh8 18. e4 Rad8 19. Rad1 Bf6 20. Kh1 Rd7 21. Rg1 Nd4 22. Nb5 Nec6 23. Nxd4 {Andreikin,D (2729)-Nakamura,H (2802) chess.com INT 2024 1-0 (45)}) ({RR} 8... O-O 9. Nc3 Be6 10. Qa4 h6 11. Bd2 Qd7 12. Ne4 b6 13. Bxh6 f5 14. Bxg7 fxe4 15. Bxf8 exf3 16. Bxe7 fxg2 17. Rfc1 Nxe7 18. Qxd7 Bxd7 19. Rxc7 Rd8 20. Kxg2 Nc6 21. Kf1 Nd4 22. Rac1 e4 23. dxe4 {Polyik,P (2295)-Ho,C (2108) New York USA 2024 1-0}) 9. Qc2 O-O $146 ({RR} 9... h6 10. Nc3 O-O 11. Bd2 Nd4 12. Nxd4 exd4 13. Na4 Bd5 14. Bh3 Bc6 15. Bg2 Bxg2 16. Kxg2 Re8 17. b4 Nd5 18. Rae1 Qd6 19. Qb3 Rad8 20. e4 dxe3 21. fxe3 Nf6 22. Nb2 Rd7 23. d4 Ne4 24. Bc1 {Davies,N (2462)-Roberson,P (2425) England 2022 0-1 (40)}) ({RR} 9... h6 10. Nc3 O-O 11. Bd2 Nd4 12. Nxd4 exd4 13. Na4 Bd5 14. Bh3 Bc6 15. Bg2 Bxg2 16. Kxg2 Re8 17. b4 Nd5 18. Rae1 Qd6 19. Qb3 Rad8 20. e4 dxe3 21. fxe3 Nf6 22. Nb2 Rd7 23. d4 Ne4 24. Bc1 {Davies,N (2462)-Roberson,P (2425) England 2022 0-1 (40)}) 10. a3 a5 11. Nc3 Nd4 12. Nxd4 exd4 13. Ne4 Bd5 14. Bf4 c6 15. b4 h6 16. bxa5 Rxa5 17. Rfb1 b6 18. Bd6 Re8 19. a4 c5 20. Bf4 g5 21. Bd2 Ra7 22. Be1 f5 23. Nd2 Bxg2 24. Kxg2 Nd5 25. Nc4 f4 26. Qb3 Rf7 27. Nxb6 Nxb6 28. Qxb6 Qd5+ 29. Kg1 Rxe2 30. a5 Qf5 31. a6 fxg3 32. Qb8+ Kh7 33. Qxg3 Re3 34. Qg2 1-0

[Event "Wch Rapid"]
[Site "St Petersburg"]
[Date "2018.12.28"]
[Round "15"]
[White "Oparin, Grigoriy"]
[Black "Saric, Ivan"]
[Result "1-0"]
[WhiteElo "2613"]
[BlackElo "2695"]
[PlyCount "117"]
[EventDate "2018.12.26"]
[EventType "swiss (rapid)"]
[EventRounds "15"]
[EventCountry "RUS"]
[SourceTitle "CBM 187 Extra"]
[Source "ChessBase"]
[SourceDate "2018.11.04"]
[SourceVersion "1"]
[SourceVersionDate "2018.11.04"]
[SourceQuality "1"]

1. Nf3 d5 2. g3 c6 3. Bg2 Bg4 4. O-O e6 5. h3 Bxf3 6. Bxf3 Nd7 7. d3 Ngf6 8. Bg2 Bc5 $146 ({RR} 8... Bd6 9. Nd2 a5 10. a4 O-O 11. e4 Qe7 12. Qe2 dxe4 13. dxe4 e5 14. Nc4 Bc7 15. Ne3 Rfd8 16. Qc4 Nf8 17. c3 Qe6 18. Qxe6 Nxe6 19. Nc4 Nc5 20. Bg5 Rd7 21. Bxf6 gxf6 22. Rfe1 Rad8 23. h4 {Astafurov,A (2263)-Wadsworth,M (2460) chess.com INT 2024 0-1 (52)}) 9. Nd2 a5 10. a4 Qc7 11. e3 O-O 12. Qe2 e5 13. e4 Rfe8 14. Nf3 Bf8 15. Re1 dxe4 16. dxe4 Nc5 17. Qc4 Rab8 18. Bg5 b5 19. axb5 cxb5 20. Qc3 b4 21. Qc4 Nfd7 22. b3 Nb6 23. Qe2 a4 24. bxa4 Ncxa4 25. Nh4 g6 26. Be3 Nc3 27. Qg4 Nc4 28. Bf1 Nxe3 29. Rxe3 Ra8 30. Rxa8 Rxa8 31. Rd3 Ra1 32. Kg2 Qc6 33. Nf3 h5 34. Qg5 Nxe4 35. Qxe5 Bg7 36. Qd5 Qxd5 37. Rxd5 Ra8 38. Bd3 Nf6 39. Rb5 Bf8 40. Rb7 Rd8 41. Ne5 Rd5 42. Rxf7 Bg7 43. Bc4 Rxe5 44. Rxf6+ Kh7 45. Rb6 Bf8 46. Bd3 Bc5 47. Rxg6 Kh8 48. f4 Rd5 49. Rg5 Rxg5 50. fxg5 h4 51. gxh4 Kg7 52. Kf3 Be7 53. Kg4 Bc5 54. h5 Be3 55. h6+ Kf7 56. Bc4+ Kf8 57. Kf5 Bd2 58. h4 Be3 59. Kg6 1-0

[Event "Wch Rapid"]
[Site "St Petersburg"]
[Date "2018.12.28"]
[Round "15"]
[White "Potkin, Vladimir"]
[Black "Steinberg, Nitzan"]
[Result "1-0"]
[WhiteElo "2597"]
[BlackElo "2532"]
[PlyCount "77"]
[EventDate "2018.12.26"]
[EventType "swiss (rapid)"]
[EventRounds "15"]
[EventCountry "RUS"]
[SourceTitle "CBM 187 Extra"]
[Source "ChessBase"]
[SourceDate "2018.11.04"]
[SourceVersion "1"]
[SourceVersionDate "2018.11.04"]
[SourceQuality "1"]

1. Nf3 d5 2. e3 c5 3. b3 Nf6 4. Bb2 Nc6 5. Bb5 Bg4 6. h3 Bxf3 7. Bxc6+ bxc6 8. Qxf3 e6 9. d3 Be7 10. Nd2 ({RR} 10. Nc3 O-O 11. O-O d4 12. Na4 Rc8 13. Ba3 Qd5 14. Qxd5 cxd5 15. exd4 Nd7 16. dxc5 Nxc5 17. Nxc5 Bxc5 18. Bxc5 Rxc5 19. c4 Rd8 20. d4 Ra5 21. c5 e5 22. a4 Rb8 23. Rfb1 exd4 24. b4 Ra6 {Serban,C (2295)-Tavernier,L (2082) chess.com INT 2025 1-0}) 10... O-O 11. O-O Nd7 12. e4 f5 $146 ({RR} 12... Bf6 13. Bxf6 Nxf6 14. Qe2 Qa5 15. f4 Rad8 16. e5 Nd7 17. Nf3 Qc3 18. Qd2 Qxd2 19. Nxd2 f6 20. exf6 Rxf6 21. Rae1 Re8 22. g3 e5 23. Nf3 Rfe6 24. f5 Rf6 25. g4 g6 26. Nh4 gxf5 27. Nxf5 {Porat,Y-Grau,R Warsaw 1935 1-0 (51)}) ({RR} 12... Bf6 13. Bxf6 Qxf6 14. Qxf6 Nxf6 15. Rae1 Rfe8 16. f4 Re7 17. g4 h6 18. Kg2 Rae8 19. Kg3 e5 20. f5 Nh7 21. Nf3 Ng5 22. Nxg5 hxg5 23. h4 gxh4+ 24. Kxh4 f6 25. g5 c4 26. dxc4 Rd7 27. Rd1 {Kostic,M (2212)-Poleksic,M (2126) Belgrade 2019 ½-½ (58)}) 13. exf5 exf5 14. Rae1 Bf6 15. Bxf6 Qxf6 16. Qf4 g5 17. Qc7 Rf7 18. Nf3 g4 19. hxg4 fxg4 20. Qg3 Raf8 21. Ne5 Nxe5 22. Rxe5 Qf4 23. Qxf4 Rxf4 24. Rg5+ Kh8 25. g3 h6 26. gxf4 hxg5 27. fxg5 Kg7 28. Re1 c4 29. dxc4 dxc4 30. Re4 g3 31. f4 cxb3 32. axb3 Rd8 33. Kg2 Rd2+ 34. Kxg3 Rxc2 35. Kg4 a5 36. Re7+ Kf8 37. Ra7 Rb2 38. f5 Rxb3 39. g6 1-0

[Event "Wch Blitz"]
[Site "St Petersburg"]
[Date "2018.12.29"]
[Round "2"]
[White "Amin, Bassem"]
[Black "Zablotsky, Sergei"]
[Result "1-0"]
[WhiteElo "2710"]
[BlackElo "2511"]
[PlyCount "95"]
[EventDate "2018.12.29"]
[EventType "swiss (blitz)"]
[EventRounds "21"]
[EventCountry "RUS"]
[SourceTitle "CBM 187 Extra"]
[Source "ChessBase"]
[SourceDate "2018.11.04"]
[SourceVersion "1"]
[SourceVersionDate "2018.11.04"]
[SourceQuality "1"]

1. e4 d6 2. g3 c5 3. Bg2 Nc6 4. c3 g6 5. Nf3 Nf6 6. d3 Bg7 7. O-O O-O 8. Re1 Rb8 9. a4 a6 10. h3 b5 11. axb5 axb5 12. d4 cxd4 13. cxd4 d5 ({RR} 13... Bb7 14. d5 Na5 15. Nc3 b4 16. Nb5 Bxd5 17. exd5 Rxb5 18. Nd4 Rc5 19. Nb3 Nxb3 20. Qxb3 Qc7 21. Be3 Rb5 22. Rec1 Qd7 23. Ra7 Rb7 24. Rca1 Rfb8 25. g4 h6 26. Bf1 Kh7 27. Rxb7 Qxb7 28. Bg2 {Mazurkiewicz,M (2224)-Kejna,P (2284) chess.com INT 2024 0-1 (42)}) ({RR} 13... e5 14. d5 Na5 15. Nfd2 b4 16. Qa4 Nb7 17. Nb3 Bd7 18. Qa7 Ne8 19. Be3 Nc7 20. Bb6 Nb5 21. Bxd8 Nxa7 22. Be7 Rfe8 23. Bxd6 Nxd6 24. Rxa7 Bb5 25. N1d2 Rec8 26. Bf1 Rc2 27. Rb1 Bh6 28. Nf3 {Amin,B (2683)-Golubov,S (2469) Moscow 2019 0-1 (57)}) 14. e5 Ne4 15. Be3 $146 ({RR} 15. Nc3 b4 16. Nxe4 dxe4 17. Rxe4 Bf5 18. Re1 b3 19. Be3 Nb4 20. Ra7 Nc2 21. Re2 Ra8 22. Rxa8 Qxa8 23. Nd2 Qa2 24. g4 Bd3 25. Nxb3 Qxb3 26. Rd2 Rc8 27. Rxd3 Qxb2 28. Qe2 Qb1+ 29. Rd1 Qb3 {Pon,M (2185)-Micic,A (2145) chess.com INT 2023 0-1 (63)}) ({RR} 15. Nc3 b4 16. Nxe4 dxe4 17. Rxe4 Bf5 18. Re1 b3 19. Be3 Nb4 20. Ra7 Nc2 21. Re2 Ra8 22. Rxa8 Qxa8 23. Nd2 Qa2 24. g4 Bd3 25. Nxb3 Qxb3 26. Rd2 Rc8 27. Rxd3 Qxb2 28. Qe2 Qb1+ 29. Rd1 Qb3 {Pon,M (2185)-Micic,A (2145) chess.com INT 2023 0-1 (63)}) 15... b4 16. Nbd2 Nxd2 17. Qxd2 Na5 18. Qe2 Nc4 19. Bc1 b3 20. Nd2 Be6 21. Nxc4 dxc4 22. Qe4 Rb5 23. Qc6 Ra5 24. Be3 Bd5 25. Bxd5 Qxd5 26. Qxd5 Rxd5 27. Rec1 Rc8 28. Rxc4 Rb8 29. Rb4 Bxe5 30. Rxb8+ Bxb8 31. Ra8 Rd8 32. Ra3 e5 33. dxe5 Bxe5 34. Rxb3 Rd1+ 35. Kg2 Rb1 36. Rb5 f6 37. b3 g5 38. Rb7 Rb2 39. b4 h6 40. g4 Rb3 41. b5 Bf4 42. Bd4 Be5 43. Bxe5 fxe5 44. b6 e4 45. Kf1 Rb2 46. Ke1 Kh8 47. Kd1 Rxf2 48. Rc7 1-0

[Event "Wch Blitz"]
[Site "St Petersburg"]
[Date "2018.12.29"]
[Round "3"]
[White "Pantsulaia, Levan"]
[Black "Potkin, Vladimir"]
[Result "1-0"]
[WhiteElo "2597"]
[BlackElo "2597"]
[PlyCount "59"]
[EventDate "2018.12.29"]
[EventType "swiss (blitz)"]
[EventRounds "21"]
[EventCountry "RUS"]
[SourceTitle "CBM 187 Extra"]
[Source "ChessBase"]
[SourceDate "2018.11.04"]
[SourceVersion "1"]
[SourceVersionDate "2018.11.04"]
[SourceQuality "1"]

1. Nf3 d5 2. g3 g6 3. Bg2 Bg7 4. O-O e5 5. d3 Ne7 6. e4 O-O 7. c3 a5 8. a4 Nbc6 9. Na3 h6 10. Nb5 Be6 11. Qc2 ({RR} 11. Re1 Qd7 12. d4 dxe4 13. Nxe5 Nxe5 14. dxe5 Qxd1 15. Rxd1 Rad8 16. Be3 c6 17. Nd6 Bxe5 18. Nxb7 Rxd1+ 19. Rxd1 Rb8 20. Rd8+ Rxd8 21. Nxd8 Bb3 22. Bxe4 Bxa4 23. Bxh6 Bb5 24. Nb7 a4 25. Bf4 Bf6 {Artemiev,V (2704)-Nepomniachtchi,I (2792) Moscow 2021 ½-½ (41)}) 11... Qd7 12. Re1 $146 ({RR} 12. b3 Rfe8 13. Re1 Rad8 14. Ba3 g5 15. h4 g4 16. Nd2 f5 17. Rad1 f4 18. exd5 Nxd5 19. Nc4 f3 20. Bf1 Bf5 21. Nd2 Qf7 22. Ne4 b6 23. Bc1 Rd7 24. Na3 Nce7 25. Nc4 Ng6 26. Ba3 Nge7 {Pantsulaia,L (2612)-Ding,L (2777) Riadh 2017 1-0 (41)}) 12... Rad8 13. b3 f5 14. Ba3 fxe4 15. dxe4 d4 16. Rad1 Bg4 17. Rd3 Rf7 18. Nd2 Nc8 19. Nc4 Be6 20. cxd4 exd4 21. Red1 g5 22. Bc5 Bxc4 23. bxc4 Nb4 24. Bxb4 axb4 25. e5 Bxe5 26. Bd5 c5 27. Rf3 Rdf8 28. Qg6+ Bg7 29. Be6 Ne7 30. Rxf7 1-0

[Event "Wch Blitz"]
[Site "St Petersburg"]
[Date "2018.12.29"]
[Round "5"]
[White "Grischuk, Alexander"]
[Black "Geller, Jakov"]
[Result "1-0"]
[WhiteElo "2771"]
[BlackElo "2518"]
[PlyCount "79"]
[EventDate "2018.12.29"]
[EventType "swiss (blitz)"]
[EventRounds "21"]
[EventCountry "RUS"]
[SourceTitle "CBM 187 Extra"]
[Source "ChessBase"]
[SourceDate "2018.11.04"]
[SourceVersion "1"]
[SourceVersionDate "2018.11.04"]
[SourceQuality "1"]

1. Nf3 e6 2. g3 b5 3. Bg2 Bb7 4. O-O c5 5. d3 Nf6 6. e4 d6 7. Nfd2 ({RR} 7. Nc3 b4 8. Ne2 Nbd7 9. Ng5 Qc7 10. f4 Be7 11. h3 O-O 12. g4 Rfc8 13. Be3 a5 14. Ng3 c4 15. Rc1 cxd3 16. cxd3 Qd8 17. f5 Rxc1 18. Bxc1 e5 19. Nf3 d5 20. g5 dxe4 21. Nh2 Nd5 {Grischuk,A (2783)-Leko,P (2730) Beijing 2013 1-0 (46)}) 7... Nc6 8. a4 $146 ({RR} 8. Nc3 b4 9. Ne2 Be7 10. a3 a5 11. Nc4 O-O 12. h3 d5 13. exd5 exd5 14. Ne3 Qd7 15. Nf4 Nd4 16. c3 Ne6 17. Nf5 Bd8 18. Nh5 g6 19. Nh6+ Kh8 20. Nxf6 Bxf6 21. Bd2 Bg7 22. Ng4 f5 {Vastrukhin,O (2401)-Le,Q (2709) Chess.com INT 2021 1-0 (59)}) ({RR} 8. f4 Be7 9. Nf3 O-O 10. Nc3 b4 11. Ne2 a5 12. h3 c4 13. g4 cxd3 14. cxd3 a4 15. Ng3 Nd7 16. g5 Nc5 17. Be3 Ba6 18. Ne1 e5 19. Nf5 exf4 20. Bxf4 Ne6 21. Rc1 Nxf4 22. Rxf4 Bxg5 {Gabrielian,A (2428)-Abrashkin,B (2407) chess.com INT 2024 0-1 (33)}) 8... b4 9. Nc4 Be7 10. Re1 O-O 11. Nbd2 Qc7 12. Nb3 Rad8 13. Bf4 Qc8 14. c3 bxc3 15. bxc3 d5 16. exd5 Nxd5 17. Bd2 Nb6 18. Nb2 a5 19. Qe2 h6 20. Rad1 Ba6 21. Qe4 Bb7 22. Be3 Nd7 23. Nc4 Nf6 24. Qf3 Nd5 25. Rc1 Ba8 26. Bxc5 Bxc5 27. Nxc5 Ne5 28. Nxe5 Qxc5 29. d4 Qa3 30. Qd1 Nxc3 31. Qd3 Bxg2 32. Rxc3 Qxa4 33. Kxg2 Qb4 34. Rd1 a4 35. Rc4 Qb7+ 36. Qf3 Qb5 37. Rc7 Qd5 38. Qxd5 Rxd5 39. Ra7 Rfd8 40. Nc6 1-0

[Event "Wch Blitz"]
[Site "St Petersburg"]
[Date "2018.12.29"]
[Round "8"]
[White "Amin, Bassem"]
[Black "Khanin, Semen"]
[Result "1-0"]
[WhiteElo "2710"]
[BlackElo "2514"]
[PlyCount "93"]
[EventDate "2018.12.29"]
[EventType "swiss (blitz)"]
[EventRounds "21"]
[EventCountry "RUS"]
[SourceTitle "CBM 187 Extra"]
[Source "ChessBase"]
[SourceDate "2018.11.04"]
[SourceVersion "1"]
[SourceVersionDate "2018.11.04"]
[SourceQuality "1"]

1. Nf3 Nf6 2. g3 g6 3. Bg2 Bg7 4. O-O O-O 5. d3 d5 6. Nbd2 b6 7. e4 dxe4 8. dxe4 Bb7 9. e5 ({RR} 9. Re1 e6 10. Qe2 c5 11. e5 Nfd7 12. Nc4 Nc6 13. Nd6 Qc7 14. Bf4 Rad8 15. h4 Ba8 16. Rad1 h6 17. c3 Ne7 18. c4 Bxf3 19. Bxf3 Nc6 20. Nb5 Qc8 21. Bxc6 Qxc6 22. Nxa7 Qa4 23. Nb5 Qxa2 {Pranav,V (2632)-Tarhan,A (2470) chess.com INT 2024 1-0 (36)}) 9... Nd5 10. Re1 ({RR} 10. a3 Nc6 11. c4 Nxe5 12. cxd5 Qxd5 13. Nh4 Qd7 14. Bxb7 Rad8 15. Bg2 Nd3 16. Nc4 Qb5 17. Qc2 Rd4 18. Be3 Qxc4 19. Qxc4 Rxc4 20. Rad1 Nxb2 21. Rc1 Rd8 22. Rxc4 Nxc4 23. Bc1 c5 24. a4 Bc3 {Swiatlowski,L (2199)-Namitbir,S (2367) chess.com INT 2024 ½-½ (64)}) 10... c5 $146 ({RR} 10... e6 11. a3 c5 12. c4 Ne7 13. Qc2 Nbc6 14. Nb3 a5 15. Bg5 a4 16. Nbd2 Qc7 17. Qc3 h6 18. Bf6 Nf5 19. Ne4 Ncd4 20. Bxg7 Kxg7 21. Nd6 Nxd6 22. Nxd4 cxd4 23. Qxd4 Nf5 24. Qc3 Bxg2 25. Kxg2 {Balaji,A (2211)-Zaksaite,S (2261) Chess.com INT 2022 1-0 (41)}) ({RR} 10... e6 11. Ne4 h6 12. a3 a5 13. c4 Ne7 14. Qc2 Nbc6 15. Bf4 Nf5 16. Rad1 Qe7 17. h4 Rad8 18. Qc1 Kh7 19. Nf6+ Bxf6 20. exf6 Qxf6 21. Bxc7 Rxd1 22. Rxd1 Ncd4 23. Nxd4 Nxd4 24. Qe3 Bxg2 25. Qxd4 {Boruchovsky,A (2552)-Khater,S (2012) chess.com INT 2022 1-0 (31)}) 11. e6 f5 12. Ng5 Qc7 13. Nc4 Nb4 14. Bf4 Qc8 15. c3 Bxg2 16. Kxg2 Qb7+ 17. Kg1 Nd5 18. Qf3 Qc6 19. Bxb8 Raxb8 20. Rad1 h6 21. Qxd5 Qxd5 22. Rxd5 hxg5 23. Rd7 Bf6 24. Rxa7 Rfd8 25. a4 b5 26. axb5 Rxb5 27. Rea1 Kg7 28. Rd7 Rc8 29. Ra6 Rbb8 30. Kg2 Ra8 31. Rxa8 Rxa8 32. Rc7 Ra6 33. Rxc5 Rxe6 34. Ne3 Ra6 35. b4 Ra2 36. b5 Rb2 37. Nd5 Be5 38. b6 e6 39. Nb4 Bxc3 40. Nd3 Rb3 41. Rc7+ Kf6 42. Nc5 Rb2 43. Nd7+ Ke7 44. Nb8+ Kd6 45. Rxc3 Rxb6 46. Rd3+ Ke5 47. Nd7+ 1-0

[Event "Wch Blitz"]
[Site "St Petersburg"]
[Date "2018.12.29"]
[Round "9"]
[White "Adly, Ahmed"]
[Black "Karjakin, Sergey"]
[Result "1-0"]
[WhiteElo "2626"]
[BlackElo "2753"]
[PlyCount "141"]
[EventDate "2018.12.29"]
[EventType "swiss (blitz)"]
[EventRounds "21"]
[EventCountry "RUS"]
[SourceTitle "CBM 187 Extra"]
[Source "ChessBase"]
[SourceDate "2018.11.04"]
[SourceVersion "1"]
[SourceVersionDate "2018.11.04"]
[SourceQuality "1"]

1. Nf3 d5 2. g3 c6 3. Bg2 Bg4 4. O-O Nd7 5. d3 e6 6. e4 Bd6 7. h3 Bh5 8. exd5 cxd5 ({RR} 8... exd5 9. Qe1+ Ne7 10. Nh4 O-O 11. g4 Re8 12. gxh5 Nc8 13. Qd1 Qxh4 14. Qg4 Qd8 15. h6 g6 16. c4 Ne5 17. Qd1 dxc4 18. dxc4 Nb6 19. Nc3 Nexc4 20. Ne4 Be5 21. Qf3 f5 22. Ng5 Bxb2 23. Bf4 {Grischuk,A (2750)-Carlsen,M (2832) Chess.com INT 2017 0-1 (31)}) 9. c4 Ne7 10. Nc3 O-O 11. g4 $146 ({RR} 11. cxd5 Nxd5 12. Nxd5 exd5 13. Qb3 Nc5 14. Qxd5 Bg6 15. Nh4 Be7 16. Nxg6 hxg6 17. Rd1 Qxd5 18. Bxd5 Rad8 19. Bc4 Bf6 20. a4 Rfe8 21. Kf1 Re7 22. Be3 b6 23. a5 Bxb2 24. Rab1 Bd4 25. Bg5 Bf6 {Cheparinov,I (2693)-Rusev,K (2538) Kozloduy 2018 1-0 (61)}) ({RR} 11. cxd5 exd5 12. g4 Bg6 13. Nh4 Nc5 14. d4 Ne6 15. f4 Nc6 16. g5 Bb8 17. Be3 Qd6 18. Rf2 Ne7 19. Qb3 Nc7 20. f5 Qg3 21. Nxg6 hxg6 22. Bf4 Qd3 23. Nxd5 Ncxd5 24. Qxd3 Nxf4 25. Qe4 Nxf5 {Aronyak,G (2380)-Budisavljevic,L (2432) Corum 2019 1-0 (44)}) 11... Bg6 12. Nh4 Nb6 13. a4 dxc4 14. Nxg6 hxg6 15. a5 Nbd5 16. Nxd5 exd5 17. dxc4 dxc4 18. a6 Qc7 19. axb7 Rab8 20. Rxa7 Bc5 21. Ra4 Rxb7 22. Bxb7 Qxb7 23. Rxc4 Ba7 24. Rc3 Bb8 25. Qf3 Qb4 26. Rd1 Be5 27. Re3 f6 28. Ra3 g5 29. Qb3+ Qxb3 30. Rxb3 Rc8 31. Be3 Ng6 32. Rb7 Nh4 33. Rdd7 f5 34. gxf5 Rc2 35. Kf1 Nxf5 36. Bxg5 Bd4 37. Bh4 Bxb2 38. Bg3 Bd4 39. Rb3 Bf6 40. Rf3 Nh6 41. Bf4 Nf7 42. Rb3 Rc4 43. Rb8+ Kh7 44. Bg3 Kg6 45. Rc7 Ra4 46. Rb5 Ng5 47. Kg2 Ne6 48. Rd7 Nd4 49. Rb6 Nf5 50. Rc6 Ra5 51. Rc4 Ra3 52. Rg4+ Kh7 53. Rf4 Kg6 54. Rd5 Rxg3+ 55. fxg3 Ne3+ 56. Kf3 Nxd5 57. Ra4 Ne7 58. h4 Nf5 59. Ra5 Nd4+ 60. Kg2 Nc6 61. Rc5 Ne5 62. Ra5 Nc4 63. Rb5 Nd6 64. Rd5 Nc4 65. Rc5 Ne5 66. Ra5 Nf7 67. Kh3 Kh7 68. g4 Kg6 69. Rb5 Be7 70. Rb7 Bf6 71. h5+ 1-0

[Event "Wch Blitz"]
[Site "St Petersburg"]
[Date "2018.12.29"]
[Round "10"]
[White "Nakamura, Hikaru"]
[Black "Paravyan, David"]
[Result "1-0"]
[WhiteElo "2746"]
[BlackElo "2634"]
[PlyCount "85"]
[EventDate "2018.12.29"]
[EventType "swiss (blitz)"]
[EventRounds "21"]
[EventCountry "RUS"]
[SourceTitle "CBM 187 Extra"]
[Source "ChessBase"]
[SourceDate "2018.11.04"]
[SourceVersion "1"]
[SourceVersionDate "2018.11.04"]
[SourceQuality "1"]

1. Nf3 Nf6 2. b3 d5 3. Bb2 c5 4. g3 Nc6 5. Bg2 g6 6. d4 cxd4 7. Nxd4 Bg7 8. Nxc6 bxc6 9. c4 O-O 10. O-O $146 ({RR} 10. cxd5 cxd5 11. O-O Bb7 12. Nd2 Qa5 13. Nf3 Rfd8 14. a3 Rac8 15. b4 Qa6 16. Rc1 Rxc1 17. Bxc1 Ne4 18. Qd3 Qxd3 19. exd3 Nc3 20. Re1 e6 21. Be3 a6 22. Nd4 Rc8 23. Nb3 Bc6 24. Nc5 Bb5 {Assylov,M (2205)-Castellanos Hernandez,E (1970) chess.com INT 2023 1-0 (44)}) ({RR} 10. cxd5 cxd5 11. O-O Bb7 12. Nd2 Qa5 13. Nf3 Rfd8 14. a3 Rac8 15. b4 Qa6 16. Rc1 Rxc1 17. Bxc1 Ne4 18. Qd3 Qxd3 19. exd3 Nc3 20. Re1 e6 21. Be3 a6 22. Nd4 Rc8 23. Nb3 Bc6 24. Nc5 Bb5 {Assylov,M (2205)-Castellanos Hernandez,E (1970) chess.com INT 2023 1-0 (44)}) 10... Bg4 11. Nc3 dxc4 12. bxc4 Rb8 13. Qxd8 Rfxd8 14. Ba3 Rd4 15. Bxe7 Rxc4 16. Rac1 Be6 17. Bd6 Rd8 18. Be5 Ng4 19. Bxg7 Kxg7 20. a3 Rd2 21. Rfe1 Rb2 22. h3 Nf6 23. e3 Rb3 24. Ne2 Rxa3 25. Nd4 Bd5 26. Rxc4 Bxc4 27. Rc1 Bd5 28. Nxc6 Bxg2 29. Kxg2 Ra2 30. Kf3 a5 31. Ne5 Ne8 32. Rc6 h5 33. Ra6 a4 34. g4 hxg4+ 35. hxg4 g5 36. Kg3 Nf6 37. Kf3 Ne8 38. Ra5 Nd6 39. Nd3 f6 40. Nc5 a3 41. Ra7+ Kg6 42. Ne6 Nc4 43. Nf8+ 1-0